BBC Sports Personality of the Year 2016 - Statistics

General Stats
  • This quiz has been taken 41 times
  • The average score is 7 of 16
Answer Stats
Position Sport Sportsperson % Correct
1st Tennis Andy Murray
83%
9th Football Jamie Vardy
71%
8th Cycling Laura Kenny
54%
2nd Triathlon Alistair Brownlee
51%
7th Gymnastics Max Whitlock
51%
10th Cycling Jason Kenny
49%
3rd Equestrian Nick Skelton
49%
6th Hockey Kate Richardson-Walsh
40%
4th Athletics Mo Farah
40%
11th Swimming Adam Peaty
34%
12th Football Gareth Bale
31%
13th Boxing Nicola Adams
31%
16th Golf Danny Willett
29%
14th Athletics/Cycling Kadeena Cox
29%
15th Cycling Dame Sarah Storey
26%
5th Equestrian Sophie Christiansen
23%
No matching quizzes found
Score Distribution
Percent of People with Each Score
Percentile by Number Answered
Your Score History
You have not taken this quiz